LEADER 01110nam a2200253 4500 001 000000361646 003 CaOOAMICUS 005 20250213092744.0 008 250212s1978 it 000 u ita r 040 $aSeMil$bita 100 1 $aWaal Malefijt, Annemarie de.$0(OLS)http://semarc/name/121482 240 10$aImages of Man.$0(OLS)http://semarc/title/452406 245 10$aImmagini dell'uomo :$bstoria del pensiero antropologico /$cAnnemarie De Waal Malefijt. 264 1$aRoma :$bArmando,$c1978. 300 $a366 p. ;$c22 cm 490 1 $aProblemi di sociologia. Nuova serie ;$v43 650 4$aAntropologia - Storia.$0(OLS)http://semarc/subject/12184 830 0$aProblemi di sociologia. Nuova serie ;$v43.$0(OLS)http://semarc/title/21090 850 $aSeMil 852 $aSeMil$W1$xVenegono$y1$m3R II 3$j254475$B252599$CSeMilBibl$Z2$F252599 $81 961 $aBuzzi mons. Franco - Omaggio 996 $6245$aImmagini dell'uomo :$bstoria del pensiero antropologico$9(OLS)http://semarc/title/452405 996 $6264$aRoma :$bArmando$9(OLS)http://semarc/publisher/29857 LEADER 00901nam a2200253 i 4500 001 000000173390 003 CaOOAMICUS 005 20081107000000.0 008 081107s1978 it u000 u ita u 013 $a150843 040 $aSeMil$bita 100 1 $aCimatti, Pietro.$0(OLS)http://semarc/name/58978 245 10$aStanze sulla polveriera /$cPietro Cimatti. 260 $aMilano :$bRusconi,$c1978. 300 $a152 p. ;$c20 cm. 490 0 $aCollana di poesia ;$v19 500 $aFondo Card. Giovanni Colombo. 830 0$aCollana di poesia ;$v19.$0(OLS)http://semarc/title/7821 850 $aSeMil 852 $aSeMil$W1$xVenegono$y1$m1O II 163$j124235$B124235$CSeMilBibl$Z2$F139663 $81 941 1 $a3 961 $aLascito: Colombo Card. Giovanni 996 $6245$aStanze sulla polveriera$9(OLS)http://semarc/title/248368 996 $6260$aMilano :$bRusconi$9(OLS)http://semarc/publisher/30258 LEADER 01110nam a2200241 4500 001 000000340802 003 CaOOAMICUS 005 20200629123513.0 008 200629s2000 xxu 000 u eng r 020 $a1-885652-41-0 040 $aSeMil$bita 245 10$a2: The world: creation and deification /$cpreface by Ion Bria. 264 1$aBrookline, Massachusetts :$bHoly cross orthodox press,$c2000. 300 $aXIV, 213 p. ;$c23 cm 700 1 $aBria, Ion.$0(OLS)http://semarc/name/111633 773 0 $aStaniloae, Dumitru $tExperience of God.$dBrookline, Massachusetts : Holy cross orthodox press, 1994-2013.$w()340798 850 $aSeMil 852 $aSeMil$W1$xVenegono$y1$m2K III 456$j222878$B231827$CSeMilBibl$Z2$F231827 $81 961 $aBrambilla don Paolo - Omaggio 996 $6020$a1-885652-41-0$9(OLS)http://semarc/number/290679 996 $6245$a2: The world: creation and deification$9(OLS)http://semarc/title/429882 996 $6264$aBrookline, Massachusetts :$bHoly cross orthodox press$9(OLS)http://semarc/publisher/59064 LEADER 01384nam a2200289 4500 001 000000364119 003 CaOOAMICUS 005 20250912123009.0 008 250901s2024 it a 000 u ita r 020 $a979-12-5508-206-4 040 $aSeMil$bita 100 1 $aSavoldelli, Luigi.$0(OLS)http://semarc/name/122653 245 10$aSantuario diocesano "Santissima Trinità Misericordia" :$bMaccio di Villa Guardia, Como /$cLuigi Savoldelli ; [prefazione s. em. Oscar card. Cantoni]. 264 1$aPonteranica (Bg) :$bVelar,$c2024. 300 $a71 p. :$bill. ;$c21 cm 490 1 $aI luoghi della fede ;$v71 650 4$aVilla Guardia - Maccio - Santuario Santissima Trinità Misericordia.$0(OLS)http://semarc/subject/58491 700 1 $aCantoni, Oscar,$c.$0(OLS)http://semarc/name/43572 830 2$aI luoghi della fede ;$v71.$0(OLS)http://semarc/title/447715 850 $aSeMil 852 $aSeMil$W1$xVenegono$y1$m5D VIII 4/8$j261888$B255000$CSeMilBibl$Z2$F255000 $81 941 1 $a7 961 $aOmaggio mons. Mario Delpini 996 $6020$a979-12-5508-206-4$9(OLS)http://semarc/number/304018 996 $6245$aSantuario diocesano "Santissima Trinità Misericordia" :$bMaccio di Villa Guardia, Como$9(OLS)http://semarc/title/455441 996 $6264$aPonteranica (Bg) :$bVelar$9(OLS)http://semarc/publisher/62526 LEADER 00930nam a2200229 i 4500 001 000000212207 003 CaOOAMICUS 005 20250909142246.0 008 120330s2011 it u000 u ita u 013 $a191038 040 $aSeMil$bita 110 0 $aConferenza Episcopale Italiana : Fondazione Migrantes.$0(OLS)http://semarc/name/44288 245 10$aRapporto italiani nel mondo 2011 /$cFondazione Migrantes. 260 $aRoma :$bIdos,$cstampa 2011. 300 $a511 p. :$btabelle ;$c24 cm. 650 4$aEmigrazione italiana - Indagini Statistiche.$0(OLS)http://semarc/subject/8822 850 $aSeMil 852 $aSeMil$W1$xVenegono$y1$m3YY V 2/11$j261602$B162642$CSeMilBibl$Z2$F175838 $81 961 $aOmaggio: Delpini mons. Mario 996 $6245$aRapporto italiani nel mondo 2011$9(OLS)http://semarc/title/306457 996 $6260$aRoma :$bIdos$9(OLS)http://semarc/publisher/34947 LEADER 01161nam a2200193 i 4500 001 000000239793 003 CaOOAMICUS 005 20150318000000.0 008 150318s1743 it u000 u fre u 013 $a218698 026 $ar-r- onre s.ar avri (3) 1743 (R) 040 $aSeMil$bita 245 10$aTome 2. 300 $a[4], XXVI, [2], 538, [2] p. :$bill., calcogr. 500 $aMarca calcogr. (due bambini sostengono in ciascuna mano una cornucopia. Motto: Ubertas ex foedere et pace) sottoscritta B. Picart e C. de Putter 1739, sul front. - Precede il front. ill. calcogr. sottoscritta Felkman. - Segn. : pgr2 *12 2*2 A-Y12 Z6 (C. 2*2 e Z6 bianche). - Testatine, iniz. e fregi xilogr. 773 0 $aPufendorf, Samuel : von <1632-1694>$tHistoire de Suede, avant et depuis la fondation de la monarchie. Par mr. Le Baron de Pufendorff. Tome 1. [-3.].$bNouvelle edition, plus correcte que les précédentes, & continuée jusqu'à l'année 1743.$dA Amsterdam : Chez Zacharie Chatelain, 1743.$g2$w()31594 850 $aSeMil 852 $aSeMil$W1$xVenegono$y1$m3E I 80 FA$j190139$B190139$CSeMilBibl$Z2$F200993 $8I 996 $6245$aTome 2$9(OLS)http://semarc/title/1533 LEADER 01064nam a2200229 i 4500 001 000000121035 003 CaOOAMICUS 005 20031205000000.0 008 031205n it u000 u ita u 013 $a93729 040 $aSeMil$bita 100 1 $aSorci, Pietro,$c.$0(OLS)http://semarc/name/7019 245 10$aIntroduzione e indici :$bhaec sunt verba sancta /$cPietro Sorci ; prefazione di Michelangelo Giannotti. 300 $a151 p. + allegato. 500 $aIl complemento al titolo precede il titolo. 650 4$aBibbia - Traduzioni italiane - Lezionario - Evangeliario - Indici.$0(OLS)http://semarc/subject/22846 700 1 $aGiannotti, Michelangelo.$0(OLS)http://semarc/name/50331 773 0 $tEvangeliario delle chiese d'Italia.$dPalermo : Fratelli Accetta, stampa 1989.$w()10656 850 $aSeMil 852 $aSeMil$W1$xVenegono$y1$m3K VI 103$j76158$B76158$CSeMilBibl$Z2$F81868 $81 961 $aOmaggio: Martini Card. Carlo Maria 996 $6245$aIntroduzione e indici :$bhaec sunt verba sancta$9(OLS)http://semarc/title/178172